| 000 | 01173nam a22003377a 4500 | ||
|---|---|---|---|
| 003 | CHAP | ||
| 005 | 20220329141532.0 | ||
| 008 | 971013s1988 r 00010 d | ||
| 010 | _a69772 | ||
| 011 | _a70744 | ||
| 035 | _a80297 | ||
| 040 | _cCHAP | ||
| 090 | _aTesis | ||
| 100 | 0 | 0 |
_aJuárez Hernández, Bulmaro. _962423 |
| 245 | _aInterpretación fiducial de los interválos de confianza bayesianos para el parámetro de la distribución Bernoulli | ||
| 260 |
_aChapingo, Méx. : _bEl autor, _c1988 |
||
| 300 | _a32 h. | ||
| 500 | _aD18-52 | ||
| 502 | _aTesis (Maestro en ciencias, Esp. en Estadística Aplicada) -- CP. Centro de Estadística y Cálculo | ||
| 590 |
_aALEPH _b10 _c20130110 _lUCH01 _h1409 |
||
| 590 |
_aBATCH-UPD _b10 _c20130110 _lUCH01 _h0827 |
||
| 590 |
_aBATCH-UPD _b10 _c20130410 _lUCH01 _h0505 |
||
| 590 |
_aBATCH-UPD _b10 _c20130914 _lUCH01 _h1206 |
||
| 590 |
_aCONVERSION _b10 _c20130109 _lUCH01 _h1338 |
||
| 650 | 1 | 4 |
_aDistribuciones (Probabilidades) _932748 |
| 650 | 1 | 4 |
_aTeoría bayesiana. _9112306 |
| 901 | _aBK | ||
| 942 | _cFOLL | ||
| 949 |
_bBC _cTES _d-33199 _eTS1 _h20989 _i80297 _si |
||
| 949 |
_bBC _cTES _d-98518 _eTS2 _fc.2 _h20990 _i80297 _si |
||
| 999 |
_c69772 _d69772 |
||